[Event "Almeria-ch"]
[Site "Nijar"]
[Date "2002.02.09"]
[Round "4"]
[White "Rojas Sola, Miguel"]
[Black "Blanco Galvez, Julian"]
[Result "0-1"]
[WhiteElo "2042"]
[BlackElo "2145"]
[PlyCount "144"]
[EventDate "2002.02.02"]
[EventType "swiss"]
[EventRounds "8"]
[EventCountry "ESP"]
[SourceTitle "CBM 086 Extra"]
[Source "ChessBase"]
[SourceDate "2002.03.14"]
[SourceVersion "1"]
[SourceVersionDate "2002.03.14"]
[SourceQuality "1"]

1. g3 d5 2. Bg2 Nf6 3. Nf3 g6 4. b3 Bg7 5. Bb2 0-0 6. c4 c6 7. 0-0 Bg4 8. h3 Bxf3 9. Bxf3 Nbd7 10. d4 Ne4 11. Nc3 Ndf6 12. Qd3 Nxc3 13. Bxc3 Qd7 14. Kg2 Rad8 15. Ba5 b6 16. Bc3 Qf5 17. Rad1 Ne4 18. Bb4 Qe6 19. Bxe4 dxe4 20. Qe3 Rd7 21. Rd2 Rfd8 22. Rfd1 h5 23. Bc3 Kh7 24. f4 Qf5 25. Qf2 Qe6 26. d5 cxd5 27. cxd5 Rxd5 28. Rxd5 Rxd5 29. Rxd5 Qxd5 30. Bxg7 Kxg7 31. e3 Qd1 32. Qb2+ f6 33. Qf2 a5 34. Kh2 b5 35. Qb2 Qd3 36. Qa3 Qd2+ 37. Kh1 Qb4 38. Qc1 a4 39. bxa4 bxa4 40. a3 Qb3 41. Kg1 Kf7 42. Qc5 Qd1+ 43. Kg2 Qf3+ 44. Kh2 Qf2+ 45. Kh1 Qa2 46. Qc1 Qd5 47. g4 h4 48. Kg1 Qb3 49. Qc5 Qd1+ 50. Kf2 Qd2+ 51. Kf1 Qa2 52. Qc1 Kg7 53. Qc5 Kf7 54. Qc1 Qd5 55. Kg1 g5 56. fxg5 fxg5 57. Qf1+ Kg6 58. Qc1 e6 59. Qc8 Qd1+ 60. Kh2 Qe2+ 61. Kh1 Qe1+ 62. Kh2 Qg3+ 63. Kh1 Qxh3+ 64. Kg1 Qxg4+ 65. Kf1 Qf3+ 66. Ke1 Qxe3+ 67. Kd1 Qb3+ 68. Ke1 Kf5 69. Qc5+ e5 70. Qf8+ Kg4 71. Qc8+ Kg3 72. Qf5 Qe3+ 0-1